International Valuation Forum Bangkok (Record no. 105116)

MARC details
000 -LEADER
fixed length control field 00953cam a2200193 4500
001 - CONTROL NUMBER
control field ##L132382
008 - FIXED-LENGTH DATA ELEMENTS--GENERAL INFORMATION
fixed length control field 060201n2001 000 0 eng u
035 ## - SYSTEM CONTROL NUMBER
System control number (Sirsi) u132382
041 0# - LANGUAGE CODE
Language code of text/sound track or separate title eng
050 04 - LIBRARY OF CONGRESS CALL NUMBER
Classification number 333.3321 $2 18
110 2# - MAIN ENTRY--CORPORATE NAME
Corporate name or jurisdiction name as entry element Thai Valuers Association
9 (RLIN) 4874
245 00 - TITLE STATEMENT
Title International Valuation Forum Bangkok
Remainder of title asset valuations in globalised markets
-- 2nd - 4th October 2001 at Le Royal Meridien Hotel
-- papers and proceedings
260 ## - PUBLICATION, DISTRIBUTION, ETC.
Place of publication, distribution, etc. Bangkok
Name of publisher, distributor, etc. Thai Valuers Association
Date of publication, distribution, etc. 2001
520 ## - SUMMARY, ETC.
Summary, etc. Reports on the topics examined in the plenary sessions presented at this forum. They include: the role of valuation in international economies; critical interfaces between valuation and other professions; and the future of valuation in real estate industry.
690 ## - LOCAL SUBJECT ADDED ENTRY--TOPICAL TERM (OCLC, RLIN)
Topical term or geographic name as entry element PROPERTY-BUSINESS ASSETS-BUSINESS ASSET VALUATION
710 2# - ADDED ENTRY--CORPORATE NAME
Subordinate unit Bangkok
Location of meeting International Valuation Forum
9 (RLIN) 4876
710 2# - ADDED ENTRY--CORPORATE NAME
Corporate name or jurisdiction name as entry element Chulalongkorn University
9 (RLIN) 4875
942 ## - ADDED ENTRY ELEMENTS (KOHA)
Suppress in OPAC 0
Holdings
Withdrawn status Lost status Source of classification or shelving scheme Damaged status Not for loan Home library Current library Shelving location Date acquired Total Checkouts Barcode Date last seen Copy number Price effective from Koha item type Full call number
    Dewey Decimal Classification     London London Books 02/02/2006   132382-1001 06/08/2019 1 06/08/2019 Book  
    Dewey Decimal Classification     London London Basement 02/02/2006   30071603 06/08/2019 1 06/08/2019 Book SHELF 206